000 00746nam a2200229 i 4500
001 146621
003 ES-MaACL
005 20250821063051.0
007 t|
008 070913s1971 sp ||||1| spa d
080 _a840-311.6"19"
080 _a940.42(093.32)(0:840-3)
100 1 _aTournier, Michel,
_d1924-2016
_9111147
245 1 3 _aEl rey de los alisos /
_cpor Michel Tournier ; [traducción de J. Ferrer Aleu].
250 _a[1ª ed.].
260 _a[Barcelona] :
_bPlaza & Janés,
_c[1971]
300 _a384 p. ;
_c20 cm.
650 1 4 _aGuerra mundial, 1939-1945-
_vRelatos personales.
_913254
700 1 _aFerrer Aleu, J.
_950442
852 _aES-MaACL
_jR-3124
_bR.76952
_xOlim:C-39691
999 _c146621
_d146621